| 000 | 00783nam a22002177a 4500 | ||
|---|---|---|---|
| 999 |
_c14477 _d14477 |
||
| 003 | AR-CdUCM | ||
| 008 | 190423b ||||| |||| 00| 0 spa d | ||
| 020 | _a978-84-205-5847-9 | ||
| 040 |
_aMUNICIPALIDAD PROVINCIAL DEL CUSCO _cBIBLIOTECA MUNICIPAL DEL CUSCO |
||
| 041 | _hspa | ||
| 082 |
_aES / 803 / _bS98 |
||
| 100 |
_aSuwalska, Dorota _933280 |
||
| 245 | _a¡Susie, otra vez con tus historias! / | ||
| 260 |
_aMadrid : _bPearson Alhambra, _c2011. |
||
| 300 |
_a155 páginas ; _bIlustraciones, _c20 cm. |
||
| 505 | _aContenido: Estilo original -- La Mochila -- Insomnio en brzezin -- Dafnio -- ¡Mala pata! -- El nuevo ... | ||
| 650 |
_aCuentos infantiles _93927 |
||
| 700 |
_aLazaruk Kubinska, Monika (traductor) _933281 |
||
| 942 |
_2ddc _cLIBROS |
||
| 945 |
_acmm _d2019-04-23 |
||